MARC

LEADER 00000nam0a2200000 4500
001 51151
005 20231031034613.0
035 |a (RuTPU)RU\TPU\book\53552 
090 |a 51151 
100 |a 20030425d1986 m y0rusy50 ca 
101 0 |a rus 
102 |a RU 
105 |a a j 001zy 
200 1 |a Основы конструирования электрических источников света  |e учебник  |f П. В. Пляскин, В. В. Федоров, Ю. А. Буханов 
210 |a Москва  |c Энергоатомиздат  |d 1983 
215 |a 360 с.  |c ил. 
225 1 |a Для учащихся техникумов 
320 |a Библиогр.: с. 353-354. 
320 |a Предм. указ.: с. 355-356. 
610 1 |a электрические источники света 
610 1 |a осветительные приборы 
610 1 |a конструкция 
610 1 |a конструкционные материалы 
610 1 |a методология 
610 1 |a электрические лампы накаливания 
610 1 |a лампы накаливания 
610 1 |a газопоглотители 
610 1 |a колбы 
610 1 |a цоколи 
610 1 |a галогенные лампы 
610 1 |a газоразрядные лампы 
610 1 |a люминесцентные лампы 
610 1 |a люминофоры 
610 1 |a конструирование 
610 1 |a расчеты 
610 1 |a высокое давление 
610 1 |a ртутные лампы 
610 1 |a ксеноновые лампы 
610 1 |a импульсные источники света 
610 1 |a металлогалогенные лампы 
610 1 |a учебники 
675 |a 621.32(075.32)  |v 3 
700 1 |a Пляскин  |b П. В.  |g Павел Владимирович 
701 1 |a Федоров  |b В. В.  |g Владимир Владимирович 
701 1 |a Буханов  |b Ю. А.  |g Юрий Александрович 
801 1 |a RU  |b 63413507  |c 20030425  |g PSBO 
801 2 |a RU  |b 63413507  |c 20210906  |g PSBO 
942 |c BK